Le silence de M. Clamenceau
Gespeichert in:
| 1. Verfasser: | |
|---|---|
| Format: | Buch |
| Sprache: | Undetermined |
| Veröffentlicht: |
París, Francia
Albin Mitchel
1930
|
| Schlagworte: | |
| Tags: |
Tag hinzufügen
Keine Tags, Fügen Sie den ersten Tag hinzu!
|
MARC
| LEADER | 00000nam a2200000Ia 4500 | ||
|---|---|---|---|
| 008 | 170316s9999 xx 000 0 und d | ||
| 040 | |a cru BVZT | ||
| 090 | |a 840 M-11s | ||
| 100 | |a Martet, Jean | ||
| 245 | |a Le silence de M. Clamenceau | ||
| 260 | |a París, Francia | ||
| 260 | |b Albin Mitchel | ||
| 260 | |c 1930 | ||
| 300 | |a 316 páginas | ||
| 650 | |a LITERATURA FRANCESA | ||
| 999 | |c 7776 |d 7776 | ||
| 942 | |c 15 D |h 840 M-11s |2 z | ||
